| 000 | 00556nam a2200133Ia 4500 | ||
|---|---|---|---|
| 008 | 171212s9999 xx 000 0 und d | ||
| 020 | _a9781921313899 | ||
| 245 |
_ceditor Clark, Geoffrey;Leach, Foss;O'Connor, Sue _aIslands of Inquiry _bColonisation, seafaring and the archaeology of maritime landscapes |
||
| 260 |
_bANU E Press _c2008 |
||
| 440 | _aTerra Australis | ||
| 650 | _aArchaeology | ||
| 650 | _aCoastal archaeology; Coastal settlements -- History; Island archaeology; Underwater archaeology | ||
| 856 | _uwww.jstor.org/stable/10.2307/j.ctt24h8gp | ||
| 999 |
_c351174 _d351174 |
||